| 000 | 00792nam0a22002651 4500 | ||
|---|---|---|---|
| 001 | rc\508914 | ||
| 005 | 20250612181457.0 | ||
| 010 |
_a5-260-00045-5 _913000 |
||
| 035 | _a(NLR Aleph) 008774708 | ||
| 090 |
_a7945573 _c7945573 |
||
| 100 | _a20030616d1988 |||y0rusy50 ca | ||
| 101 | 0 | _arus | |
| 102 | _aRU | ||
| 105 | _ay ||||||||| | ||
| 200 | 1 | _aПроизводство и оценка качества шерсти | |
| 210 |
_aМ. _cРосагропромиздат _d1988 |
||
| 215 |
_a201, [3] с. _d20 |
||
| 320 | _aБиблиогр.: с. 203 (10 назв.) | ||
| 700 | 1 |
_aШейфер _bО.Я. _gОлег Яковлевич |
|
| 801 | 0 |
_aRU _bNLR _gpsbo |
|
| 801 | 1 |
_aRU _bELAR _2rusmarc |
|
| 801 | 2 |
_aRU _bNLR _c20030813 _2rusmarc |
|
| 852 |
_aNLR _j88-3/9166 |
||
| 942 | _cBOOK | ||
| 980 | _aNB | ||